Radiation heat transfer notes /

Bibliographic Details
Main Author: Edwards, D. K. (Donald Kenneth), 1932-2009
Format: Book
Language:English
Published: Washington : Hemisphere Pub. Corp., [1981]
Subjects:

MARC

Tag First Indicator Second Indicator Subfields
LEADER 00000pam a2200000 a 4500
001 in00000080870
005 20151008054115.0
008 810312s1981 dcua b 00010 eng
010 |a  81004539  
020 |a 0891162313 
035 |a (OCoLC)07278448 
035 |9 AAH9656AM 
039 0 |a 2  |b 3  |c 3  |d 3  |e 3 
040 |a DLC  |c DLC  |d TXA  |d UtOrBLW 
049 |a TXAM  |c [985482] 
050 0 0 |a TJ260  |b .E318 
082 0 |a 621.1402/2  |2 19 
100 1 |a Edwards, D. K.  |q (Donald Kenneth),  |d 1932-2009. 
245 1 0 |a Radiation heat transfer notes /  |c D.K. Edwards. 
264 1 |a Washington :  |b Hemisphere Pub. Corp.,  |c [1981] 
264 4 |c ©1981 
300 |a xiv, 370 pages :  |b illustrations ;  |c 23 cm. 
336 |a text  |b txt  |2 rdacontent 
337 |a unmediated  |b n  |2 rdamedia 
338 |a volume  |b nc  |2 rdacarrier 
500 |a "A Hemisphere Engineering paperback." 
504 |a Includes bibliographical references. 
650 0 |a Heat  |x Radiation and absorption. 
999 |a MARS 
999 f f |s 426728e5-72ed-340c-aa2f-45e93e72ed9d  |i 692792b0-b9c4-300e-898b-6e22aa94ad02  |t 0 
952 f f |p normal  |a Texas A&M University  |b College Station  |c Sterling C. Evans Library  |s Evans stk  |d Evans: Library Stacks  |t 0  |e TJ260 .E318  |h Library of Congress classification  |i unmediated -- volume  |m A14806249251 
998 f f |a TJ260 .E318  |t 0  |l Evans: Library Stacks